| 000 | 01364nam a22003497a 4500 | ||
|---|---|---|---|
| 005 | 20240530110407.0 | ||
| 008 | 150204s2011 ua g b 000 0 ara d | ||
| 017 |
_a2011/14958 _bمصر . دار الكتب المصرية |
||
| 020 | _a9776264302 | ||
| 040 | _aEG-CaGPL | ||
| 041 | 0 | _aara | |
| 082 | 0 | 4 |
_221 _a341.75\ _bى أ |
| 100 | 0 | _aيوسف حسن يوسف | |
| 245 | 1 | 2 |
_aالازمة العالمية من منظور القانون الدولى / _cيوسف حسن يوسف |
| 250 | _aط1 | ||
| 260 |
_aالقاهرة : _bالمركز القومى للاصدارات القانونية ، _c2011 |
||
| 300 |
_a428 ص ؛ _c24 سم |
||
| 504 | _aيشتمل على ارجاعات ببليوجرافية | ||
| 650 | 0 | 4 | _aالقانون الدولى |
| 650 | 0 | 4 |
_aالتعليم _xالعالم العربى |
| 650 | 0 | 4 |
_aالتعليم _xالمعايير المهنية |
| 650 | 0 | 4 |
_aالبطالة _zالسعودية |
| 650 | 0 | 4 |
_aالبطالة _xالتعليم |
| 650 | 0 | 4 | _aالقانون الدولى الاقتصادى |
| 650 | 0 | 4 |
_aالازمة العالمية _xالقانون الدولى |
| 650 | 0 | 4 | _aمنظمة العمل العربية |
| 650 | 0 | 4 | _aالعمالة العربية |
| 650 | 0 | 4 |
_aالفقر _zالسودان |
| 650 | 0 | 4 |
_aالفقر _zتونس |
| 942 |
_2ddc _cBK |
||
| 999 |
_c60386 _d60386 |
||